| 000 | 00363nam a22001577a 4500 | ||
|---|---|---|---|
| 999 |
_c532238 _d532238 |
||
| 003 | NUST | ||
| 005 | 20191114115627.0 | ||
| 008 | 191114b ||||| |||| 00| 0 eng d | ||
| 038 | _aMSOHAIL | ||
| 082 | _a340.112 | ||
| 100 |
_aChery L. Law _925621 |
||
| 245 | _aHuman Rights Justice | ||
| 260 |
_aEngland _bWay Land _cc1993 |
||
| 300 | _ap,48 | ||
| 942 |
_2ddc _cBK |
||